Hurbanove kasárne, Bratislava

Uložené v:
Podrobná bibliografia
Hlavný autor: Farkašová, Simona (Autor)
Ďalší autori: Schleicher, Alexander (Vedúci práce)
Médium: Rukopis Kniha
Jazyk:Slovak
Vydavateľské údaje: Bratislava 2018
Predmet:
On-line prístup:http://is.stuba.sk/zp/portal_zp.pl?podrobnosti=139152
Tagy: Pridať tag
Žiadne tagy, Buďte prvý, kto otaguje tento záznam!

MARC

LEADER 00000ntm a22000003a 4500
001 stuzp68788
003 SK-STU
005 20220401153536.2
007 ta
008 150427s2015----xo-----f-mn---000-0-slo-d
040 |a STU  |b slo 
041 0 |a slo 
100 1 |a Farkašová, Simona  |u 058180  |4 aut  |U FAD Fakulta architektúry  |T FA Ústav architektúry občianskych budov  |X 61665  |U A8180  |Y 399  |7 61665 
242 0 1 |a Hurban Barracks in Bratislava  |y eng 
245 1 0 |a Hurbanove kasárne, Bratislava 
260 |c 2018  |a Bratislava 
650 4 |a Hurbanove kasárne  |2 slo 
650 4 |a revitalizácia  |2 slo 
650 4 |a kultúrne centrum  |2 slo 
650 4 |a verejný priestor  |2 slo 
650 4 |a Hurban's barracks  |2 eng 
650 4 |a revitalization  |2 eng 
650 4 |a cultural centre  |2 eng 
650 4 |a public space  |2 eng 
700 1 |a Schleicher, Alexander  |u 058180  |k Z1  |4 ths  |U FAD Fakulta architektúry  |T FA Ústav architektúry občianskych budov  |X 472  |U A8180  |Y 399  |7 A000000472 
856 4 |u http://is.stuba.sk/zp/portal_zp.pl?podrobnosti=139152  |u https://opac.crzp.sk/?fn=detailBiblioForm&sid=752BE197E3AE405D458CF079404B